[Event "Titled Tuesday intern op 06th Jun Early"]
[Site "Chess.com INT"]
[Date "2023.06.06"]
[Round "3"]
[White "Gil Alba, Hector Luis"]
[Black "Shuvalova, Polina"]
[Result "1/2-1/2"]
[WhiteElo "2294"]
[BlackElo "2496"]
[PlyCount "88"]
[EventDate "2023.06.06"]
[EventType "swiss (blitz)"]
[EventRounds "11"]
[EventCountry "USA"]
[SourceTitle "EXT 2024"]
[Source "ChessBase"]
[SourceDate "2023.10.10"]
[SourceVersion "1"]
[SourceVersionDate "2023.10.10"]
[SourceQuality "1"]

1. e4 c6 2. d4 d5 3. f3 g6 4. Nc3 Bg7 5. exd5 cxd5 6. Bb5+ Nc6 7. Nge2 Nf6 8. 0-0 0-0 9. Be3 a6 10. Bxc6 bxc6 11. Qd2 Rb8 12. b3 Re8 13. Bf4 Ra8 14. Na4 Nd7 15. Rae1 a5 16. Bh6 Bh8 17. f4 Nf6 18. f5 Ne4 19. Qe3 Bxf5 20. Rxf5 gxf5 21. Ng3 Qd6 22. Nxe4 dxe4 23. c3 Qg6 24. Rf1 e6 25. Nc5 Bg7 26. Bxg7 Kxg7 27. Nd7 Kh8 28. Ne5 Qg7 29. Nxc6 Rg8 30. g3 a4 31. b4 Rac8 32. b5 Rc7 33. c4 Rgc8 34. d5 exd5 35. cxd5 Qg6 36. Qf4 Rb7 37. d6 Rxb5 38. Ne7 Qe6 39. Nxc8 Qxc8 40. Qg5 Rd5 41. Qf6+ Kg8 42. Qg5+ Kh8 43. Qf6+ Kg8 44. Qg5+ Kh8 1/2-1/2

[Event "Titled Tuesday intern op 06th Jun Early"]
[Site "Chess.com INT"]
[Date "2023.06.06"]
[Round "2"]
[White "Lenoir Ibacache, Gabriel Alberto"]
[Black "Gil Alba, Hector Luis"]
[Result "0-1"]
[WhiteElo "2225"]
[BlackElo "2294"]
[PlyCount "64"]
[EventDate "2023.06.06"]
[EventType "swiss (blitz)"]
[EventRounds "11"]
[EventCountry "USA"]
[SourceTitle "EXT 2024"]
[Source "ChessBase"]
[SourceDate "2023.10.10"]
[SourceVersion "1"]
[SourceVersionDate "2023.10.10"]
[SourceQuality "1"]

1. e4 c5 2. g3 Nc6 3. Bg2 e6 4. Ne2 d5 5. exd5 exd5 6. 0-0 Nf6 7. d4 cxd4 8. Nxd4 Bc5 9. Re1+ Ne4 10. Bxe4 dxe4 11. Rxe4+ Be6 12. c3 0-0 13. Be3 Bd5 14. Rh4 Ne5 15. Qh5 Qxh4 16. gxh4 Bxd4 17. Bxd4 Nf3+ 18. Kf1 Rad8 19. Na3 Rfe8 20. Rd1 Nxh2+ 21. Kg1 Nf3+ 22. Kf1 Nh2+ 23. Kg1 Nf3+ 24. Kf1 Rd6 25. Nc2 Nh2+ 26. Kg1 Nf3+ 27. Kf1 Bc6 28. Ne3 Nh2+ 29. Ke2 Bf3+ 30. Qxf3 Nxf3 31. Kxf3 f6 32. Rg1 a6 0-1

[Event "Titled Tuesday intern op 30th May Early"]
[Site "Chess.com INT"]
[Date "2023.05.30"]
[Round "4"]
[White "Gil Alba, Hector Luis"]
[Black "Shuvalova, Polina"]
[Result "1-0"]
[WhiteElo "2309"]
[BlackElo "2484"]
[PlyCount "43"]
[EventDate "2023.05.30"]
[EventType "swiss (blitz)"]
[EventRounds "11"]
[EventCountry "USA"]
[SourceTitle "CBM 214 Extra"]
[Source "ChessBase"]
[SourceDate "2023.07.31"]
[SourceVersion "1"]
[SourceVersionDate "2023.07.31"]
[SourceQuality "1"]

1. e4 c5 2. Nf3 Nc6 3. Bb5 d6 4. 0-0 Bd7 5. c3 Nf6 6. Re1 a6 7. Bxc6 Bxc6 8. d4 cxd4 9. cxd4 Bxe4 10. Bg5 Bc6 11. Bxf6 gxf6 12. d5 Bd7 13. Nc3 Bg7 14. Nd4 f5 15. Ne6 Bxe6 16. dxe6 fxe6 17. Rxe6 0-0 18. Nd5 Rf7 19. Qe2 Qa5 20. Nxe7+ Kh8 21. Qh5 Qc5 22. Qxf7 1-0

[Event "Titled Tuesday intern op 18th Apr Early"]
[Site "Chess.com INT"]
[Date "2023.04.18"]
[Round "1"]
[White "Demchenko, Anton"]
[Black "Gil Alba, Hector Luis"]
[Result "1/2-1/2"]
[WhiteElo "2623"]
[BlackElo "2309"]
[PlyCount "146"]
[EventDate "2023.04.18"]
[EventType "swiss (blitz)"]
[EventRounds "11"]
[EventCountry "USA"]
[SourceTitle "EXT 2024"]
[Source "ChessBase"]
[SourceDate "2023.10.10"]
[SourceVersion "1"]
[SourceVersionDate "2023.10.10"]
[SourceQuality "1"]

1. e4 c5 2. Nc3 Nc6 3. Bb5 Nd4 4. a4 g6 5. Nf3 Bg7 6. Nxd4 cxd4 7. Ne2 a6 8. Bd3 d6 9. 0-0 Nh6 10. c3 dxc3 11. dxc3 Ng4 12. a5 Ne5 13. Be3 0-0 14. Bb6 Qe8 15. Bd4 Bd7 16. Bc2 Bb5 17. b3 Rc8 18. c4 Bc6 19. f3 Qd8 20. Qd2 Qc7 21. Rfd1 Rfe8 22. Nc3 Nd7 23. Bxg7 Kxg7 24. Kh1 Kg8 25. Nd5 Bxd5 26. exd5 b6 27. axb6 Qxb6 28. Qa5 Rb8 29. Qxa6 Qxa6 30. Rxa6 Nc5 31. Ra3 Rb7 32. Kg1 Reb8 33. Rb1 Kg7 34. Kf2 h5 35. Ke3 Kf6 36. Kd4 Rb4 37. Kc3 e6 38. dxe6 fxe6 39. Rd1 R4b6 40. h4 Na6 41. Rd4 Nb4 42. Bd1 e5 43. Rd2 Ke6 44. Ra7 Nc6 45. Rg7 Kf6 46. Rd7 Nd4 47. Rxd4 exd4+ 48. Kxd4 Ke6 49. Rg7 Kf6 50. Ra7 Rxb3 51. Bxb3 Rxb3 52. Ra6 Ke7 53. Ke4 Rb2 54. g3 Re2+ 55. Kf4 Rc2 56. Ra4 Kf6 57. Rb4 Rc3 58. Ke4 Rc2 59. Kf4 Rc3 60. g4 hxg4 61. fxg4 Rh3 62. Rb6 Ke7 63. Rb7+ Kf6 64. Rh7 Rc3 65. g5+ Ke6 66. Rh6 Rxc4+ 67. Ke3 Kf5 68. h5 Kxg5 69. Rxg6+ Kxh5 70. Rxd6 Rg4 71. Rd4 Rg6 72. Rd5+ Rg5 73. Rxg5+ Kxg5 1/2-1/2

[Event "Titled Tuesday intern op 18th Apr Early"]
[Site "Chess.com INT"]
[Date "2023.04.18"]
[Round "5"]
[White "Gil Alba, Hector Luis"]
[Black "O'Gorman, Tom"]
[Result "0-1"]
[WhiteElo "2309"]
[BlackElo "2355"]
[PlyCount "104"]
[EventDate "2023.04.18"]
[EventType "swiss (blitz)"]
[EventRounds "11"]
[EventCountry "USA"]
[SourceTitle "EXT 2024"]
[Source "ChessBase"]
[SourceDate "2023.10.10"]
[SourceVersion "1"]
[SourceVersionDate "2023.10.10"]
[SourceQuality "1"]

1. e4 c6 2. d4 d5 3. e5 Bf5 4. h4 h6 5. g4 Bd7 6. f4 h5 7. gxh5 Nh6 8. Bh3 Bxh3 9. Nxh3 e6 10. Ng5 c5 11. c3 Nc6 12. Be3 Qb6 13. Qb3 Nf5 14. Bf2 cxd4 15. Nd2 Bc5 16. c4 Qxb3 17. axb3 0-0-0 18. Nxf7 Nb4 19. Ke2 Rxh5 20. Nxd8 Kxd8 21. Ra5 Bb6 22. Ra4 a5 23. Rxb4 axb4 24. cxd5 exd5 25. Kd3 Kd7 26. Nf3 Ke6 27. Ng5+ Ke7 28. Nf3 Rh6 29. Nxd4 Bxd4 30. Bxd4 Rxh4 31. Rxh4 Nxh4 32. Bc5+ Ke6 33. Bxb4 Kf5 34. Bd2 Nf3 35. Be3 g6 36. b4 g5 37. fxg5 Nxe5+ 38. Kd4 Ke6 39. Kc5 Nc4 40. Bd4 Nd2 41. g6 Ne4+ 42. Kb6 Nd6 43. g7 Kf7 44. Kc7 Nb5+ 45. Kxb7 Nxd4 46. Kc7 Nb5+ 47. Kc6 d4 48. Kxb5 d3 49. Kc6 d2 50. b5 d1Q 51. b6 Qd8 52. b7 Qb8 0-1

[Event "Titled Tuesday intern op 11th Apr Early"]
[Site "Chess.com INT"]
[Date "2023.04.11"]
[Round "3"]
[White "Durarbayli, Vasif"]
[Black "Gil Alba, Hector Luis"]
[Result "1-0"]
[WhiteElo "2627"]
[BlackElo "2309"]
[PlyCount "179"]
[EventDate "2023.04.11"]
[EventType "swiss (blitz)"]
[EventRounds "11"]
[EventCountry "USA"]
[SourceTitle "CBM 213 Extra"]
[Source "ChessBase"]
[SourceDate "2023.05.31"]
[SourceVersion "1"]
[SourceVersionDate "2023.05.31"]
[SourceQuality "1"]

1. e4 e5 2. Nc3 Nf6 3. d4 exd4 4. Qxd4 Nc6 5. Qd3 Bb4 6. Bd2 0-0 7. 0-0-0 Re8 8. Nge2 d6 9. Bg5 h6 10. Bxf6 Qxf6 11. Nd5 Qd8 12. f4 Ba5 13. a3 Bb6 14. Nec3 Be6 15. Be2 Bxd5 16. Nxd5 Ne7 17. Nc3 Nc6 18. Bf3 Nd4 19. Nd5 Ne6 20. g3 Nc5 21. Qc4 c6 22. Nc3 Qe7 23. Rd2 Rad8 24. Rhd1 Ne6 25. Kb1 Ba5 26. Re2 Bxc3 27. Qxc3 Nc5 28. Rd4 Ne6 29. Rd1 Nc7 30. Red2 d5 31. exd5 Nxd5 32. Bxd5 cxd5 33. Rxd5 Rxd5 34. Rxd5 Qe6 35. Qd4 b6 36. Re5 Qc8 37. Rxe8+ Qxe8 38. Qd3 Qe1+ 39. Ka2 Qe6+ 40. b3 a5 41. a4 g6 42. Qc3 h5 43. Kb2 Qe2 44. h4 Qe6 45. Qd4 Kh7 46. Qe5 Qc6 47. f5 Qd7 48. fxg6+ fxg6 49. Qf6 Qc7 50. Qc3 Qd7 51. Qd3 Qc7 52. Kc1 Qe5 53. Kd2 Qf6 54. Qe3 Qd6+ 55. Qd3 Qf6 56. Ke2 Qe6+ 57. Qe3 Qf6 58. c4 Qb2+ 59. Kf3 Qf6+ 60. Kg2 Qb2+ 61. Kh3 Qf6 62. Qe2 Qf5+ 63. Kg2 Qf6 64. Qf3 Qb2+ 65. Kh3 Qg7 66. Qc6 Qd4 67. Qb7+ Kh6 68. Qf3 Qd7+ 69. Kg2 Qd2+ 70. Qf2 Qd3 71. Qb2 Kh7 72. Kf2 Qf5+ 73. Ke3 Qe6+ 74. Kd2 Qh3 75. Qe5 Qg2+ 76. Kc3 Qf3+ 77. Kb2 Qf2+ 78. Ka3 Qc2 79. Qb2 Qd3 80. Qf2 Qd6+ 81. Ka2 Qe6 82. Qd2 Qf6 83. Qf4 Qe6 84. Qc7+ Kh6 85. Qf4+ Kh7 86. Kb1 Qe1+ 87. Kc2 Qe2+ 88. Kc3 Qe1+ 89. Kd4 Qe6 90. Qe5 1-0

[Event "Titled Tuesday intern op 11th Apr Early"]
[Site "Chess.com INT"]
[Date "2023.04.11"]
[Round "5"]
[White "Gil Alba, Hector Luis"]
[Black "Petre, Nad Titus"]
[Result "1-0"]
[WhiteElo "2309"]
[BlackElo "2313"]
[PlyCount "65"]
[EventDate "2023.04.11"]
[EventType "swiss (blitz)"]
[EventRounds "11"]
[EventCountry "USA"]
[SourceTitle "CBM 213 Extra"]
[Source "ChessBase"]
[SourceDate "2023.05.31"]
[SourceVersion "1"]
[SourceVersionDate "2023.05.31"]
[SourceQuality "1"]

1. e4 c5 2. Nf3 d6 3. Bb5+ Bd7 4. Bxd7+ Qxd7 5. 0-0 Nc6 6. c3 Nf6 7. d4 cxd4 8. cxd4 Nxe4 9. d5 Nd8 10. Re1 Nf6 11. Bg5 e5 12. dxe6 fxe6 13. Bxf6 gxf6 14. Nh4 Rg8 15. Nc3 Rc8 16. Nd5 Qf7 17. Qf3 Be7 18. Nf5 Bf8 19. Qh5 Rg6 20. Nf4 Rc5 21. Nxg6 hxg6 22. Nxd6+ Bxd6 23. Qh8+ Qf8 24. Qh3 f5 25. Rad1 Qe7 26. Qh8+ Kd7 27. Qd4 b6 28. Qa4+ Nc6 29. b4 Rc4 30. Rc1 Bxb4 31. Rxc4 Bxe1 32. Qxc6+ Kd8 33. Qc8# 1-0

[Event "Titled Tuesday intern op 09th Aug Early"]
[Site "Chess.com INT"]
[Date "2022.08.09"]
[Round "2"]
[White "Gil Alba, Hector Luis"]
[Black "Gabdrakhmanov, Azat"]
[Result "0-1"]
[WhiteElo "2310"]
[BlackElo "2319"]
[PlyCount "38"]
[EventDate "2022.08.09"]
[EventType "swiss (blitz)"]
[EventRounds "11"]
[EventCountry "USA"]
[SourceTitle "EXT 2023"]
[Source "ChessBase"]
[SourceDate "2022.10.05"]
[SourceVersion "1"]
[SourceVersionDate "2022.10.05"]
[SourceQuality "1"]

1. e4 c5 2. Nf3 e6 3. Nc3 a6 4. d4 cxd4 5. Nxd4 Qc7 6. Bd3 Nf6 7. 0-0 d6 8. a4 Nbd7 9. Be3 g6 10. h3 Bg7 11. f4 0-0 12. Kh1 b6 13. Qf3 Bb7 14. Rae1 Rfe8 15. Nb3 Nc5 16. Nxc5 bxc5 17. b3 d5 18. e5 d4 19. Qe2 Nh5 0-1

[Event "Titled Tuesday intern op 09th Aug Early"]
[Site "Chess.com INT"]
[Date "2022.08.09"]
[Round "4"]
[White "Rostomyan, Mikayel"]
[Black "Gil Alba, Hector Luis"]
[Result "0-1"]
[WhiteElo "2118"]
[BlackElo "2310"]
[PlyCount "96"]
[EventDate "2022.08.09"]
[EventType "swiss (blitz)"]
[EventRounds "11"]
[EventCountry "USA"]
[SourceTitle "EXT 2023"]
[Source "ChessBase"]
[SourceDate "2022.10.05"]
[SourceVersion "1"]
[SourceVersionDate "2022.10.05"]
[SourceQuality "1"]

1. d4 Nf6 2. Nf3 e6 3. c4 Bb4+ 4. Bd2 Bxd2+ 5. Qxd2 d5 6. Nc3 0-0 7. e3 Ne4 8. Nxe4 dxe4 9. Ng1 Nd7 10. g3 b6 11. Bg2 Bb7 12. Ne2 e5 13. 0-0 f5 14. b4 exd4 15. Nxd4 Ne5 16. Qc3 Qf6 17. c5 Bd5 18. a4 c6 19. Rad1 Kh8 20. Kh1 Nf3 21. Ne2 Qxc3 22. Nxc3 Bc4 23. Bxf3 Bxf1 24. Bxe4 fxe4 25. Rxf1 bxc5 26. bxc5 Rae8 27. Kg2 Rf5 28. Rd1 h6 29. Rd4 Rxc5 30. Nxe4 Rc2 31. g4 c5 32. Rd2 Rxd2 33. Nxd2 Rb8 34. e4 Rb4 35. Kf3 c4 36. Ke3 c3 37. Nf3 c2 38. Kd2 Rxe4 39. Kxc2 Rxa4 40. Ne5 Re4 41. f4 g5 42. Kd3 Rxf4 43. Ng6+ Kg7 44. Nxf4 gxf4 45. Ke4 a5 46. Kxf4 a4 47. Ke4 a3 48. Kd3 a2 0-1

[Event "Titled Tuesday intern op 09th Aug Early"]
[Site "Chess.com INT"]
[Date "2022.08.09"]
[Round "6"]
[White "Shuvalova, Polina"]
[Black "Gil Alba, Hector Luis"]
[Result "1-0"]
[WhiteElo "2510"]
[BlackElo "2310"]
[PlyCount "75"]
[EventDate "2022.08.09"]
[EventType "swiss (blitz)"]
[EventRounds "11"]
[EventCountry "USA"]
[SourceTitle "EXT 2023"]
[Source "ChessBase"]
[SourceDate "2022.10.05"]
[SourceVersion "1"]
[SourceVersionDate "2022.10.05"]
[SourceQuality "1"]

1. Nf3 Nf6 2. c4 g6 3. b3 Bg7 4. Bb2 0-0 5. g3 c5 6. Bg2 Nc6 7. 0-0 e6 8. d3 d5 9. cxd5 exd5 10. Nbd2 d4 11. Rc1 Qe7 12. Re1 Nd5 13. Qc2 b6 14. a3 Bb7 15. Nf1 Nc3 16. e3 Qd7 17. N3d2 Rfe8 18. Bxc3 dxc3 19. Ne4 Ne5 20. Red1 Rad8 21. Nxc3 Bxg2 22. Kxg2 Nxd3 23. f3 b5 24. Ne4 Rxe4 25. fxe4 Qg4 26. Kg1 Qxe4 27. Qg2 Qe8 28. Rc2 Qe6 29. Qe2 Qxb3 30. Rxc5 Bf8 31. Rc2 Rd7 32. Rcd2 Ne5 33. Rxd7 Nxd7 34. Rxd7 a5 35. Qf3 Bxa3 36. Qd5 Qxd5 37. Rxd5 b4 38. Rxa5 1-0

[Event "Titled Tuesday intern op 26th Jul Early"]
[Site "Chess.com INT"]
[Date "2022.07.26"]
[Round "8"]
[White "Gil Alba, Hector Luis"]
[Black "Kucuksari, Kaan"]
[Result "0-1"]
[WhiteElo "2310"]
[BlackElo "2398"]
[PlyCount "124"]
[EventDate "2022.07.26"]
[EventType "swiss (blitz)"]
[EventRounds "11"]
[EventCountry "USA"]
[SourceTitle "EXT 2023"]
[Source "ChessBase"]
[SourceDate "2022.10.05"]
[SourceVersion "1"]
[SourceVersionDate "2022.10.05"]
[SourceQuality "1"]

1. e4 c5 2. Nf3 Nc6 3. Bb5 g6 4. 0-0 Bg7 5. Re1 e5 6. Bxc6 dxc6 7. b4 cxb4 8. a3 bxa3 9. Bxa3 Ne7 10. d4 exd4 11. e5 0-0 12. Nbd2 Re8 13. Ne4 Nf5 14. h3 h5 15. Nd6 Nxd6 16. Bxd6 b6 17. Nxd4 Qd7 18. Qf3 Bb7 19. Qg3 c5 20. e6 fxe6 21. Ne2 Bxa1 22. Rxa1 Qg7 23. Be5 Qf7 24. Nf4 Kh7 25. h4 Qf5 26. Nh3 Red8 27. Ng5+ Kg8 28. Ra4 Rd5 29. Ba1 Rf8 30. Kh2 Qxf2 31. Rxa7 Qxg3+ 32. Kxg3 Rd7 33. Nxe6 Re8 34. Nf4 Re3+ 35. Kf2 Re4 36. Nxg6 Rg4 37. Ne5 Rxg2+ 38. Ke3 Re7 39. Kf4 Rf2+ 40. Kg5 Rg7+ 41. Kxh5 Rfg2 42. Ng4 R2xg4 43. Bxg7 Rxg7 44. Kh6 Rh7+ 45. Kg5 Be4 46. Ra6 Rb7 47. c4 Kh7 48. h5 Bd3 49. Ra4 b5 50. cxb5 Bxb5 51. Re4 Bd3 52. Re6 Rg7+ 53. Kf4 c4 54. h6 Rg6 55. Re7+ Kxh6 56. Ke3 Kg5 57. Kd2 Kf4 58. Kc3 Rb6 59. Rd7 Ke3 60. Re7+ Kf2 61. Rd7 Rc6 62. Re7 Be2 0-1

[Event "Titled Tuesday intern op 26th Jul Early"]
[Site "Chess.com INT"]
[Date "2022.07.26"]
[Round "7"]
[White "Koellner, Ruben Gideon"]
[Black "Gil Alba, Hector Luis"]
[Result "0-1"]
[WhiteElo "2422"]
[BlackElo "2310"]
[PlyCount "66"]
[EventDate "2022.07.26"]
[EventType "swiss (blitz)"]
[EventRounds "11"]
[EventCountry "USA"]
[SourceTitle "EXT 2023"]
[Source "ChessBase"]
[SourceDate "2022.10.05"]
[SourceVersion "1"]
[SourceVersionDate "2022.10.05"]
[SourceQuality "1"]

1. d4 Nf6 2. Bg5 Ne4 3. Bf4 c5 4. f3 Qa5+ 5. c3 Nf6 6. d5 d6 7. e4 e5 8. Be3 Be7 9. Nd2 0-0 10. Nc4 Qc7 11. a4 Nh5 12. Ne2 g6 13. h4 Qd8 14. g4 Bxh4+ 15. Kd2 Ng3 16. Nxg3 Bxg3 17. Kc2 Bf4 18. Bxf4 exf4 19. Qd2 Qf6 20. Qh2 h5 21. gxh5 g5 22. Bh3 Nd7 23. Bxd7 Bxd7 24. Rag1 Kh7 25. b3 Rg8 26. Rg2 b5 27. axb5 Bxb5 28. Nb2 a5 29. Ra1 Bd7 30. Qg1 g4 31. fxg4 f3 32. g5 Qf4 33. g6+ Kh8 0-1

[Event "Titled Tuesday intern op 26th Jul Early"]
[Site "Chess.com INT"]
[Date "2022.07.26"]
[Round "6"]
[White "Schwabeneder, Florian"]
[Black "Gil Alba, Hector Luis"]
[Result "1/2-1/2"]
[WhiteElo "2430"]
[BlackElo "2310"]
[PlyCount "102"]
[EventDate "2022.07.26"]
[EventType "swiss (blitz)"]
[EventRounds "11"]
[EventCountry "USA"]
[SourceTitle "EXT 2023"]
[Source "ChessBase"]
[SourceDate "2022.10.05"]
[SourceVersion "1"]
[SourceVersionDate "2022.10.05"]
[SourceQuality "1"]

1. Nf3 Nf6 2. d4 g6 3. Nbd2 Bg7 4. e4 d6 5. Bd3 0-0 6. 0-0 c5 7. c3 Nc6 8. d5 Ne5 9. Nxe5 dxe5 10. a4 Ne8 11. a5 Nd6 12. c4 f5 13. f3 e6 14. Qe2 exd5 15. cxd5 f4 16. Nc4 Rb8 17. Bd2 b5 18. axb6 axb6 19. b4 Nb5 20. bxc5 Nd4 21. Qf2 bxc5 22. Ba5 Qe7 23. Rab1 Ba6 24. Qa2 Bb5 25. Bc3 Kh8 26. Qa5 Ra8 27. Rxb5 Rxa5 28. Rxa5 h6 29. Rb1 Qg5 30. Kh1 Qh5 31. Nd2 g5 32. h3 Qh4 33. Ra7 Qf2 34. Rbb7 Rg8 35. d6 Qe1+ 36. Bf1 Ne2 37. Rb1 Ng3+ 38. Kh2 Nxf1+ 39. Nxf1 Qxc3 40. Rbb7 Qd3 41. Kg1 Qxd6 42. Rd7 Qe6 43. Rac7 c4 44. Nd2 Qb6+ 45. Kh2 c3 46. Rxc3 Qf2 47. Rcc7 Qg3+ 48. Kg1 Qe1+ 49. Kh2 Qg3+ 50. Kg1 Qe1+ 51. Kh2 Qg3+ 1/2-1/2

[Event "Titled Tuesday intern op 26th Jul Early"]
[Site "Chess.com INT"]
[Date "2022.07.26"]
[Round "3"]
[White "Shapiro, Daniel E"]
[Black "Gil Alba, Hector Luis"]
[Result "0-1"]
[WhiteElo "2284"]
[BlackElo "2310"]
[PlyCount "68"]
[EventDate "2022.07.26"]
[EventType "swiss (blitz)"]
[EventRounds "11"]
[EventCountry "USA"]
[SourceTitle "EXT 2023"]
[Source "ChessBase"]
[SourceDate "2022.10.05"]
[SourceVersion "1"]
[SourceVersionDate "2022.10.05"]
[SourceQuality "1"]

1. d4 Nf6 2. c4 g6 3. Nc3 Bg7 4. e4 d6 5. Be2 0-0 6. Nf3 e5 7. 0-0 Nc6 8. d5 Ne7 9. a4 a5 10. b3 Nh5 11. g3 h6 12. Ne1 Nf6 13. Nd3 Nh7 14. Ba3 b6 15. b4 axb4 16. Bxb4 f5 17. f3 Ng5 18. a5 bxa5 19. Bxa5 Bd7 20. c5 Rxa5 21. Rxa5 c6 22. Qa1 cxd5 23. cxd6 Qb6+ 24. Kg2 Qxd6 25. Qa3 Qxa3 26. Rxa3 fxe4 27. fxe4 Bh3+ 28. Kg1 Bxf1 29. Bxf1 dxe4 30. Nc5 e3 31. h4 Nf3+ 32. Kg2 Nd2 33. Bd3 Rf2+ 34. Kg1 Nf3+ 0-1

[Event "Guillermo Garcia Memorial op"]
[Site "Santa Clara"]
[Date "2022.05.09"]
[Round "9"]
[White "Gil Alba, Hector Luis"]
[Black "Gomez Sanchez, Jorge Marcos"]
[Result "1/2-1/2"]
[WhiteElo "2248"]
[BlackElo "2331"]
[PlyCount "102"]
[EventDate "2022.04.30"]
[EventType "swiss"]
[EventRounds "9"]
[EventCountry "CUB"]
[SourceTitle "CBM 208 Extra"]
[Source "ChessBase"]
[SourceDate "2022.07.31"]
[SourceVersion "1"]
[SourceVersionDate "2022.07.31"]
[SourceQuality "1"]

1. e4 c5 2. Nf3 e6 3. d3 Nc6 4. Nbd2 d6 5. g3 g6 6. Bg2 Bg7 7. 0-0 Nge7 8. c3 0-0 9. Re1 Rb8 10. Nb3 b5 11. d4 b4 12. Be3 cxd4 13. cxd4 Na5 14. Nfd2 Ba6 15. Nxa5 Qxa5 16. a3 Bd3 17. Qb3 Qb5 18. axb4 Nc6 19. d5 exd5 20. exd5 Nxb4 21. Bxa7 Rb7 22. Rec1 Nc2 23. Qxb5 Rxb5 24. Ra4 Bxb2 25. Rd1 Ra8 26. Nc4 Bxc4 27. Rxc4 Rxa7 28. Rxc2 Ba3 29. Ra1 Bc5 30. Rxa7 Rb1+ 31. Bf1 Bxa7 32. Kg2 Rd1 33. Bc4 Kg7 34. h4 Kf6 35. Re2 h5 36. Bb3 Rd3 37. Bc4 Rd4 38. Bb3 Bc5 39. Ba2 g5 40. hxg5+ Kxg5 41. Rc2 f5 42. f4+ Kg6 43. Re2 h4 44. Re6+ Kh5 45. Bb1 Rd1 46. Bxf5 Rg1+ 47. Kh2 hxg3+ 48. Kh3 Rh1+ 49. Kxg3 Rg1+ 50. Kh3 Rh1+ 51. Kg3 Rg1+ 1/2-1/2

[Event "Guillermo Garcia Memorial op"]
[Site "Santa Clara"]
[Date "2022.05.01"]
[Round "2"]
[White "Rodriguez Dominguez, Melissa"]
[Black "Gil Alba, Hector Luis"]
[Result "1/2-1/2"]
[WhiteElo "2105"]
[BlackElo "2248"]
[PlyCount "46"]
[EventDate "2022.04.30"]
[EventType "swiss"]
[EventRounds "9"]
[EventCountry "CUB"]
[SourceTitle "CBM 208 Extra"]
[Source "ChessBase"]
[SourceDate "2022.07.31"]
[SourceVersion "1"]
[SourceVersionDate "2022.07.31"]
[SourceQuality "1"]

1. e4 d5 2. exd5 Nf6 3. Nf3 Nxd5 4. d4 c6 5. c4 Nf6 6. Be2 g6 7. 0-0 Bg7 8. Nc3 0-0 9. Be3 Ng4 10. Bf4 Nd7 11. h3 Ngf6 12. Qd2 Re8 13. Rad1 b6 14. Qe3 e6 15. Ne5 Bb7 16. Bf3 Qc8 17. Rfe1 a6 18. Na4 a5 19. Qb3 Ra6 20. Bg5 Qc7 21. Bf4 Qc8 22. Bg5 Qc7 23. Bf4 Qc8 1/2-1/2